Decíamos ayer (Registro nro. 35490)

000 -CABECERA
campo de control de longitud fija 01087cam a22003254a 4500
001 - NÚMERO DE CONTROL
campo de control YPZ18677
003 - IDENTIFICADOR DEL NÚMERO DE CONTROL
campo de control YPZ
005 - FECHA Y HORA DE LA ÚLTIMA TRANSACCIÓN
campo de control 20260310110903.0
008 - DATOS DE LONGITUD FIJA--INFORMACIÓN GENERAL
campo de control de longitud fija 070227s1998 sp a grb||| 001 0 spa|d
020 ## - NÚMERO INTERNACIONAL ESTÁNDAR DEL LIBRO
Número Internacional Estándar del Libro 9505816030
040 ## - FUENTE DE LA CATALOGACIÓN
Centro/agencia transcriptor SIUNPA
041 ## - CÓDIGO DE LENGUA
Código de lengua del texto/banda sonora o título independiente spa
044 ## - CÓDIGO DEL PAÍS DE LA ENTIDAD EDITORA/PRODUCTORA
Código MARC del país ag
080 ## - NÚMERO DE LA CLASIFICACIÓN DECIMAL UNIVERSAL
Número de la Clasificación Decimal Universal 070.13 B645d
100 ## - ENTRADA PRINCIPAL--NOMBRE DE PERSONA
Nombre de persona Blaustein, Eduardo
Código de función/relación , autor
Fechas asociadas al nombre 1957-
245 ## - MENCIÓN DE TÍTULO
Título Decíamos ayer
Resto del título : la prensa argentina bajo el proceso ayer
Mención de responsabilidad, etc. / Eduardo Blaustein, ... [et al.]
260 ## - PUBLICACIÓN, DISTRIBUCIÓN, ETC.
Lugar de publicación, distribución, etc. Buenos Aires
Nombre del editor, distribuidor, etc. : Colihue
Fecha de publicación, distribución, etc. , c1998
300 ## - DESCRIPCIÓN FÍSICA
Extensión 649 p.
Otras características físicas : il.
500 ## - NOTA GENERAL
Nota general En cubierta: Los 3.000 días más trágicos de la historia argentina. Textos e imágenes con todo lo que diarios y revistas de la época dijieron, silenciaron o tergiversaron
500 ## - NOTA GENERAL
Nota general El año de reimpresión varía según el ejemplar
650 ## - PUNTO DE ACCESO ADICIONAL DE MATERIA--TÉRMINO DE MATERIA
Término de materia o nombre geográfico como elemento de entrada PRENSA
650 ## - PUNTO DE ACCESO ADICIONAL DE MATERIA--TÉRMINO DE MATERIA
Término de materia o nombre geográfico como elemento de entrada PERIODISMO
650 ## - PUNTO DE ACCESO ADICIONAL DE MATERIA--TÉRMINO DE MATERIA
Término de materia o nombre geográfico como elemento de entrada LIBERTAD DE EXPRESION
650 ## - PUNTO DE ACCESO ADICIONAL DE MATERIA--TÉRMINO DE MATERIA
Término de materia o nombre geográfico como elemento de entrada DESAPARECIDOS
650 ## - PUNTO DE ACCESO ADICIONAL DE MATERIA--TÉRMINO DE MATERIA
Término de materia o nombre geográfico como elemento de entrada TERRORISMO DE ESTADO
650 ## - PUNTO DE ACCESO ADICIONAL DE MATERIA--TÉRMINO DE MATERIA
Término de materia o nombre geográfico como elemento de entrada HISTORIA ARGENTINA
650 ## - PUNTO DE ACCESO ADICIONAL DE MATERIA--TÉRMINO DE MATERIA
Término de materia o nombre geográfico como elemento de entrada SIGLO XX
700 ## - PUNTO DE ACCESO ADICIONAL--NOMBRE DE PERSONA
Nombre de persona Zubieta, Martín
Código de función/relación , autor
Fechas asociadas al nombre 1966-
942 ## - ELEMENTOS DE PUNTO DE ACCESO ADICIONAL (KOHA)
Tipo de ítem Koha Libros
Fuente del sistema de clasificación o colocación
Existencias
Estado de retiro Estado de pérdida Fuente del sistema de clasificación o colocación Estado dañado No para préstamo Código de colección Localización permanente Ubicación/localización actual Fecha de adquisición Fuente de adquisición Coste, precio normal de compra Número de inventario Signatura topográfica completa Código de barras Fecha visto por última vez Número de copia Precio válido a partir de Tipo de ítem Koha
          Colección General SIUNPA Biblioteca Académica Malvina Perazo 2026-03-10 Donación Marinkovic, Marco 59000.00 05-51974 070.13 B645d 05-51974 2026-03-10 ej.2 2026-03-10 Libros
          Colección General SIUNPA Biblioteca Académica Malvina Perazo 2026-03-10 SIUNPA 62.00 05-31177 070.13 B645d 05-31177 2026-03-10 ej. 1 2026-03-10 Libros